000 00534nam a2200181Ia 4500
008 100917s9999 xx 000 0 und d
082 _b40684
100 _aआपटे ह. ना.
245 _aयशवंतराव खरे
260 _bआर्यभूषण प्रकाशन
_c1967
300 _a326
365 _b7.25
520 _aकादंबरी
630 _aयशवंतराव खरे
650 _aकादंबरी
730 _aयशवंतराव खरे
942 _cBOOK
999 _c646078
_d646075